000 00418nam a2200181Ia 4500
001 19017
005 20260306171713.0
008 260306s9999||||xx |||||||||||||| ||und||
041 _aESP
082 _a658.787
_bL42
100 _aLeiras, Adriana
_eAUT
245 0 _aLogística humanitária
260 _c2017
300 _a331 páginas :
_c27 cm.
650 _aGEN
654 _aCAN
942 _cLIB
_dJUS
_fJUS
_2ddc
_n
999 _c19017
_d19017